[Event "AUT-chT2M 1415"]
[Site "Austria"]
[Date "2015.02.27"]
[Round "6.1"]
[White "Teuschler, Hugo"]
[Black "Kirschner, A."]
[Result "1/2-1/2"]
[WhiteElo "2025"]
[BlackElo "2250"]
[PlyCount "69"]
[EventDate "2014.10.03"]
[EventType "team-tourn"]
[EventRounds "11"]
[EventCountry "AUT"]
[SourceTitle "EXT 2016"]
[Source "ChessBase"]
[SourceDate "2015.10.08"]
[SourceVersion "1"]
[SourceVersionDate "2015.10.08"]
[SourceQuality "1"]
[WhiteTeam "Graz Strassenbahn"]
[BlackTeam "Steyregg"]
[WhiteTeamCountry "AUT"]
[BlackTeamCountry "AUT"]

1. e4 e6 2. d4 d5 3. Nd2 Be7 4. Ngf3 Nf6 5. e5 Nfd7 6. Bd3 c5 7. c3 Nc6 8. 0-0 g5 9. Qe2 g4 10. Ne1 h5 11. Qe3 Qb6 12. Nc2 Nf8 13. Kh1 Bd7 14. b3 0-0-0 15. Rb1 Kb8 16. Bb2 Ng6 17. f4 cxd4 18. cxd4 Bf8 19. b4 Rc8 20. a3 Nce7 21. Nb3 Nh4 22. Nc5 Qd8 23. Qe2 Nhf5 24. Ne3 Nxe3 25. Qxe3 Bh6 26. Qe2 Ng6 27. Bb5 Bc6 28. Bxc6 Rxc6 29. Qb5 Qe7 30. f5 Nh4 31. fxe6 fxe6 32. Bc1 Nf5 33. Bxh6 Rxh6 34. Rfc1 Rh8 35. Nb3 1/2-1/2